El ajuste por inflación para las sociedades bursátiles (Registro nro. 23568)

Detalles MARC
000 -LEADER
fixed length control field 00395 a2200121 4500
001 - CONTROL NUMBER
control field ART_9202
005 - DATE AND TIME OF LATEST TRANSACTION
control field 20260410161835.0
008 - FIXED-LENGTH DATA ELEMENTS--GENERAL INFORMATION
fixed length control field 260409a
100 1# - MAIN ENTRY--PERSONAL NAME
Personal name Senderovich, Isaac Aizik
245 10 - TITLE STATEMENT
Title El ajuste por inflación para las sociedades bursátiles
700 1# - ADDED ENTRY--PERSONAL NAME
Personal name Telias, Alejandro J.
773 0# - HOST ITEM ENTRY
Title Contabilidad y administración
Related parts - Año 4, Nº 39 (set. 1980)
Record control number REV5485

No hay ítems disponibles.